| 000 | 004810000a22001930004500 | ||
|---|---|---|---|
| 001 | 003814 | ||
| 003 | MACL | ||
| 005 | 20151018142812.0 | ||
| 008 | 151018b xxu||||| |||| 00| 0 eng d | ||
| 040 |
_aMACL _cMACL |
||
| 041 | _aEnglish | ||
| 082 | _a954/GAR | ||
| 100 |
_aGarg, Sanjay _915874 |
||
| 245 |
_aCoins & History of Medieval India _cSanjay Garg |
||
| 260 |
_aDelhi _c1997 _bRahul, Publishing House, |
||
| 350 | _a600 | ||
| 650 |
_aHistory _915875 |
||
| 942 |
_k954 _cBK _2ddc |
||
| 999 |
_c15707 _d15707 |
||